Insect pests of farm, garden, and orchard /

Bibliographic Details
Main Author: Peairs, Leonard Marion, 1886-
Other Authors: Davidson, Ralph Howard
Format: Book
Language:English
Published: New York : Wiley, [1966]
Edition:6th ed.
Subjects:

MARC

Tag First Indicator Second Indicator Subfields
LEADER 00000cam a22000001 4500
001 in00000047968
005 20151007075631.0
008 731212s1966 nyua b 00010 eng
010 |a  66025219  
035 |a (OCoLC)00922175 
035 |9 AAF3562AM 
040 |a DLC  |c DLC  |d TXA  |d UtOrBLW 
049 |a TXAM  |c [469286] 
050 0 0 |a SB931  |b .P34 1966 
082 0 |a 632/.7 
092 |a 595.7  |b P356i, 1966 
100 1 |a Peairs, Leonard Marion,  |d 1886- 
245 1 0 |a Insect pests of farm, garden, and orchard /  |c [by] Ralph Howard Davidson [and] Leonard Marion Peairs. 
250 |a 6th ed. 
264 1 |a New York :  |b Wiley,  |c [1966] 
300 |a ix, 675 pages :  |b illustrations ;  |c 24 cm. 
336 |a text  |b txt  |2 rdacontent 
337 |a unmediated  |b n  |2 rdamedia 
338 |a volume  |b nc  |2 rdacarrier 
500 |a Authors' names in reverse order in previous edition. 
504 |a Includes bibliographies. 
650 0 |a Insect pests. 
700 1 |a Davidson, Ralph Howard. 
999 |a MARS 
999 f f |s d59f9a4f-e188-3355-93dd-a71146e2a2e7  |i 322f74a7-3f3e-3c49-897f-b26ecd972f44  |t 0 
952 f f |p ric  |a Texas A&M University  |b Rellis Campus  |c Joint Library Facility  |d Remote Storage  |t 0  |e SB931 .P34 1966  |h Library of Congress classification  |i unmediated -- volume  |m A14801013574 
998 f f |a SB931 .P34 1966  |t 0  |l Remote Storage